غز ل مسلسل ر و ا يت ا و ر فن (Record no. 188213)
[ view plain ]
| 000 -LEADER | |
|---|---|
| fixed length control field | 00666nam a22001937a 4500 |
| 005 - DATE AND TIME OF LATEST TRANSACTION | |
| control field | 20220512162247.0 |
| 010 ## - LCCN (DPL NO) | |
| LC control number | UR-11556 |
| 020 ## - INTERNATIONAL STANDARD BOOK NUMBER | |
| Terms of availability | 300.00 |
| International Standard Book Number | 9789387248632 |
| 035 ## - SYSTEM CONTROL NUMBER | |
| System control number | U-10111 |
| 037 ## - SOURCE OF ACQUISITION | |
| Source of stock number/acquisition | DBAD/PUB |
| Stock number | - |
| 082 ## - DEWEY DECIMAL CLASSIFICATION NUMBER | |
| Classification number | 841.8 |
| Edition number | Ist |
| 100 ## - MAIN ENTRY--PERSONAL NAME | |
| Personal name | جعفر جر ی |
| 245 ## - TITLE STATEMENT | |
| Title | غز ل مسلسل ر و ا يت ا و ر فن |
| Statement of responsibility, etc | جعفر جر ی |
| Medium | ا ر د و |
| 246 ## - VARYING FORM OF TITLE | |
| Remainder of title | Ghazal -E-Musalsal RiwayatAur Funn (Urdu) |
| Title proper/short title | by Jafer Jari |
| 260 ## - PUBLICATION, DISTRIBUTION, ETC. (IMPRINT) | |
| Place of publication, distribution, etc | Hyderabad |
| Name of publisher, distributor, etc | Tanveer Publishers |
| Date of publication, distribution, etc | 2020ء |
| 270 ## - ADDRESS | |
| Address | 2 Floor, Sana Apartment,Red Hills |
| City | Hyderabad |
| Postal code | 4 |
| Telephone number | 9848269929 |
| Fax number | - |
| 300 ## - PHYSICAL DESCRIPTION | |
| Extent | 186 ص |
| Dimensions | 22 Cm(Hb) |
| 942 ## - ADDED ENTRY ELEMENTS (KOHA) | |
| Source of classification or shelving scheme | Dewey Decimal Classification |
| Item type | Urdu Bks |
| Classification part | 841 |
| Call number suffix | ح ع ف |
| Withdrawn status | Lost status | Not for loan | Collection code | Home library | Current library | Date acquired | Source of acquisition | Cost, normal purchase price | Full call number | Barcode | Copy number | Cost, replacement price | Koha item type |
|---|---|---|---|---|---|---|---|---|---|---|---|---|---|
| Not For Loan | Non-fiction | D.B.Act.Division | Central Library | 12/05/2022 | DBAD/PUB | 300.00 | 841 ح ع ف | U-10111 | 1 | 300.00 | Urdu Bks |
